HISTORIA DE LA PSICOLOGIA: DESDE LA ANTIGUEDAD HASTA NUESTROS DIAS/

TRADUCCION DE: HISTOIRE DE LA PSYCHOLOGIE DE L'ANTIQUITE ANOS JOURS

Gardado en:
Detalles Bibliográficos
Autor Principal: Mueller, F.L (autor)
Formato: Libro
Series:(Biblioteca de Psicología y Psicoanálisis FCE)
Temas:
Etiquetas: Engadir etiqueta
Sen Etiquetas, Sexa o primeiro en etiquetar este rexistro!

MARC

LEADER 00000nam^a2200000^a^4500
001 000216329
005 20250521000000.0
009 20260310103650.436
035 |a 002277 
037 |a Acervo Xavier Clavigero 
082 |a 150. 9  |b MUE 
100 |a Mueller, F.L.  |e (autor) 
245 1 0 |a HISTORIA DE LA PSICOLOGIA:  |b DESDE LA ANTIGUEDAD HASTA NUESTROS DIAS/  |c F.L. MUELLER; TR. FRANCISCO GONZALEZ ARAMBURO 
264 |a Italia :  |b FCE,  |c 1963 
300 |a 404 p. 
336 |a texto  |b txt  |2 rdacontenido 
337 |a sin mediación  |b n  |2 rdamedio 
338 |a volumen  |b nc  |2 rdasoporte 
440 |a (Biblioteca de Psicología y Psicoanálisis FCE) 
520 |a TRADUCCION DE: HISTOIRE DE LA PSYCHOLOGIE DE L'ANTIQUITE ANOS JOURS 
649 |a XX 
650 |a PSICOLOGIA -  |x HISTORIA 
910 |a Fondo General 
920 |a Impresos - Libros 
930 |a Colección General 
905 |a 101 
901 |a 002277  |b IT1  |c ACC  |i 002277  |u 20250521 
901 |a 036105  |b IT1  |c ACC  |i 036105  |u 20250521 
902 |a https://opac.biblio.iteso.mx/vufind/Record/000216329